[Event "PNWCC vs Europe Hybrid 08"]
[Site "Chess.com INT"]
[Date "2022.08.21"]
[Round "6"]
[White "Mishev, Liubomir"]
[Black "Willy, Stephen"]
[Result "1-0"]
[WhiteElo "2015"]
[BlackElo "1945"]
[PlyCount "133"]
[EventDate "2022.08.19"]
[EventType "team-match"]
[EventRounds "8"]
[EventCountry "USA"]
[SourceTitle "EXT 2024"]
[Source "ChessBase"]
[SourceDate "2023.10.10"]
[SourceVersion "1"]
[SourceVersionDate "2023.10.10"]
[SourceQuality "1"]
[WhiteTeam "Europe"]
[BlackTeam "PNWCC"]
[BlackTeamCountry "USA"]

1. e4 e5 2. Nf3 Nc6 3. Bb5 Nf6 4. d3 Bc5 5. 0-0 d6 6. c3 0-0 7. h3 h6 8. Re1 Ne7 9. d4 Bb6 10. Nbd2 c6 11. Ba4 Ng6 12. Nf1 Nh5 13. Nxe5 dxe5 14. Qxh5 exd4 15. Bb3 Qf6 16. e5 Qf5 17. Qxf5 Bxf5 18. Ng3 Be6 19. Bc2 Rad8 20. Bd2 Rd5 21. c4 Rdd8 22. Bxg6 fxg6 23. b3 d3 24. Ne4 Bd4 25. Rad1 Rf5 26. Bc3 Bxe5 27. g4 Bxc3 28. Nxc3 Rf6 29. Re3 Bf7 30. Rdxd3 Re8 31. Ne4 Rfe6 32. Nd6 Rxe3 33. Rxe3 Rxe3 34. fxe3 b6 35. Nc8 Be6 36. Ne7+ Kf7 37. Nxc6 a5 38. Nd8+ Ke7 39. Nxe6 Kxe6 40. Kf2 Ke5 41. Kf3 g5 42. a3 g6 43. b4 a4 44. Kf2 Ke4 45. Ke2 h5 46. b5 h4 47. Kd2 Kf3 48. c5 bxc5 49. b6 Kg3 50. b7 Kxh3 51. b8Q Kxg4 52. Qh2 c4 53. Ke2 h3 54. Qg1+ Kh5 55. Kf3 c3 56. Qg4+ Kh6 57. Qxh3+ Kg7 58. Qc8 g4+ 59. Kxg4 c2 60. Qxc2 Kh6 61. Qxa4 g5 62. Qc6+ Kg7 63. Kxg5 Kh7 64. Qd7+ Kh8 65. Kg6 Kg8 66. a4 Kh8 67. Qg7# 1-0

[Event "PNWCC-Bulgaria Memorial Day"]
[Site "Chess.com INT"]
[Date "2022.05.28"]
[Round "?"]
[White "Kodarapu, Ishaan"]
[Black "Mishev, Liubomir"]
[Result "1-0"]
[WhiteElo "1641"]
[BlackElo "2096"]
[PlyCount "63"]
[EventDate "2022.05.28"]
[EventType "team-match"]
[EventRounds "6"]
[EventCountry "USA"]
[SourceTitle "EXT 2024"]
[Source "ChessBase"]
[SourceDate "2023.10.10"]
[SourceVersion "1"]
[SourceVersionDate "2023.10.10"]
[SourceQuality "1"]
[WhiteTeam "PNWCC"]
[BlackTeam "Bulgaria"]
[WhiteTeamCountry "USA"]
[BlackTeamCountry "BUL"]

1. c4 e5 2. g3 Nc6 3. Bg2 g6 4. Nc3 Bg7 5. e4 Nge7 6. Nge2 d6 7. d3 0-0 8. 0-0 f5 9. Nd5 h6 10. f4 Nxd5 11. cxd5 Ne7 12. Nc3 exf4 13. Bxf4 g5 14. Be3 Ng6 15. Qe2 f4 16. Bd2 fxg3 17. hxg3 Ne5 18. Rxf8+ Qxf8 19. Rf1 Qe7 20. Nb5 c6 21. dxc6 bxc6 22. Nd4 Ba6 23. Nf5 Qd7 24. Bh3 Qd8 25. Qh5 Bxd3 26. Nxh6+ Bxh6 27. Be6+ Kh7 28. Rf7+ Nxf7 29. Qxf7+ Bg7 30. Bf5+ Kh8 31. Qh5+ Kg8 32. Be6+ 1-0

[Event "PNWCC vs Europe Hybrid 05"]
[Site "Chess.com INT"]
[Date "2022.05.07"]
[Round "2"]
[White "Mishev, Liubomir"]
[Black "Sathish, Pranav"]
[Result "1-0"]
[WhiteElo "2096"]
[BlackElo "1850"]
[PlyCount "79"]
[EventDate "2022.05.07"]
[EventType "team-tourn"]
[EventRounds "4"]
[EventCountry "USA"]
[SourceTitle "EXT 2023"]
[Source "ChessBase"]
[SourceDate "2022.10.05"]
[SourceVersion "1"]
[SourceVersionDate "2022.10.05"]
[SourceQuality "1"]
[WhiteTeam "Europe"]
[BlackTeam "PNWCC"]
[BlackTeamCountry "USA"]

1. e4 c5 2. Nf3 Nc6 3. Bb5 g6 4. 0-0 Bg7 5. Re1 Nf6 6. c3 0-0 7. e5 Nd5 8. d4 cxd4 9. cxd4 d6 10. h3 Nb6 11. Bg5 Be6 12. Nc3 h6 13. Bh4 dxe5 14. dxe5 Qxd1 15. Raxd1 g5 16. Bg3 Nb4 17. a3 N4d5 18. Ne4 Rac8 19. Nd4 Rfd8 20. Nxe6 fxe6 21. b4 a6 22. Be2 Na4 23. Bg4 Kf7 24. Bh5+ Kg8 25. Bg4 Kf7 26. Rd3 Rc6 27. Bh5+ Kg8 28. h4 Nb2 29. Rb3 Nc4 30. hxg5 Bxe5 31. gxh6 Nf6 32. Bg6 Rf8 33. Rf3 Kh8 34. Ng5 Bxg3 35. Rxg3 Nd6 36. Rxe6 Rg8 37. Rxd6 Rxg6 38. Rd8+ Rg8 39. Nf7+ Kh7 40. Rdxg8 1-0

[Event "PNWCC-Bulgaria Hybrid m2"]
[Site "Chess.com INT"]
[Date "2021.12.22"]
[Round "9"]
[White "Mei, Austin"]
[Black "Mishev, Liubomir"]
[Result "1/2-1/2"]
[WhiteElo "2069"]
[BlackElo "2105"]
[PlyCount "37"]
[EventDate "2021.12.18"]
[EventType "team-match"]
[EventRounds "12"]
[EventCountry "USA"]
[SourceTitle "CBM 206 Extra"]
[Source "ChessBase"]
[SourceDate "2022.03.31"]
[SourceVersion "1"]
[SourceVersionDate "2022.03.31"]
[SourceQuality "1"]
[WhiteTeam "PNWCC"]
[BlackTeam "Bulgaria"]
[WhiteTeamCountry "USA"]
[BlackTeamCountry "BUL"]

1. e4 d6 2. d4 Nf6 3. Nc3 e5 4. dxe5 dxe5 5. Qxd8+ Kxd8 6. Bc4 Be6 7. Bxe6 fxe6 8. Be3 c6 9. f3 Nbd7 10. a4 a5 11. Nge2 Kc7 12. 0-0 Bc5 13. Kf2 Rad8 14. Bxc5 Nxc5 15. Rfd1 Na6 16. Na2 Nc5 17. Nac3 Na6 18. Na2 Nc5 19. Nac3 1/2-1/2

[Event "PNWCC-Bulgaria Hybrid m2"]
[Site "Chess.com INT"]
[Date "2021.12.22"]
[Round "10"]
[White "Mishev, Liubomir"]
[Black "Zaloznyy, Mike"]
[Result "1/2-1/2"]
[WhiteElo "2105"]
[BlackElo "2011"]
[PlyCount "65"]
[EventDate "2021.12.18"]
[EventType "team-match"]
[EventRounds "12"]
[EventCountry "USA"]
[SourceTitle "CBM 206 Extra"]
[Source "ChessBase"]
[SourceDate "2022.03.31"]
[SourceVersion "1"]
[SourceVersionDate "2022.03.31"]
[SourceQuality "1"]
[WhiteTeam "Bulgaria"]
[BlackTeam "PNWCC"]
[WhiteTeamCountry "BUL"]
[BlackTeamCountry "USA"]

1. e4 e5 2. Nf3 Nc6 3. Bb5 Nge7 4. 0-0 Ng6 5. c3 a6 6. Ba4 d5 7. exd5 Qxd5 8. d4 Bg4 9. Nbd2 exd4 10. Qe1+ Be7 11. Nxd4 Bd7 12. Bb3 Qe5 13. N2f3 Qxe1 14. Rxe1 Nxd4 15. Nxd4 0-0 16. Be3 Bd6 17. Rad1 Rae8 18. Bd5 Bc8 19. Nf3 h6 20. g3 Ne7 21. Bb3 Bh3 22. Nd4 Nf5 23. Nxf5 Bxf5 24. Bd5 Be4 25. f3 Bc2 26. Rd2 Rxe3 27. Rxe3 Bc5 28. Rxc2 Bxe3+ 29. Kf1 c6 30. Re2 Bc5 31. Bb3 Rd8 32. a4 Kf8 33. Bc2 1/2-1/2

[Event "Primorsko op"]
[Site "Primorsko"]
[Date "2018.09.17"]
[Round "2"]
[White "Enchev, Ivajlo"]
[Black "Mishev, Liubomir"]
[Result "1-0"]
[WhiteElo "2489"]
[BlackElo "2090"]
[PlyCount "57"]
[EventDate "2018.09.16"]
[EventType "swiss"]
[EventRounds "9"]
[EventCountry "BUL"]
[SourceTitle "CBM 186 Extra"]
[Source "ChessBase"]
[SourceDate "2018.08.24"]
[SourceVersion "1"]
[SourceVersionDate "2018.08.24"]
[SourceQuality "1"]

1. d4 Nf6 2. Nf3 d6 3. c4 g6 4. Nc3 Bg7 5. g3 0-0 6. Bg2 Nc6 7. 0-0 a6 8. Bf4 Rb8 9. Rc1 Bd7 10. c5 Na7 11. cxd6 cxd6 12. d5 Qa5 13. Nd4 Rfc8 14. Qd3 b5 15. Be3 Rb7 16. h3 b4 17. Nb3 Qd8 18. Qxa6 bxc3 19. Qxb7 cxb2 20. Rxc8 Nxc8 21. Bd4 Ne8 22. Bxg7 Kxg7 23. Rb1 Nb6 24. Rxb2 Na4 25. Rc2 h5 26. Qb4 Qa8 27. Qd4+ f6 28. Qe3 Kf7 29. Qe6+ 1-0

[Event "Pleven op 3rd"]
[Site "Pleven"]
[Date "2016.10.07"]
[Round "1"]
[White "Ignatov, Georgi"]
[Black "Mishev, Liubomir"]
[Result "1/2-1/2"]
[WhiteElo "1690"]
[BlackElo "2145"]
[PlyCount "61"]
[EventDate "2016.10.07"]
[EventType "swiss"]
[EventRounds "7"]
[EventCountry "BUL"]
[SourceTitle "EXT 2017"]
[Source "ChessBase"]
[SourceDate "2016.10.25"]
[SourceVersion "1"]
[SourceVersionDate "2016.10.25"]
[SourceQuality "1"]

1. Nf3 Nf6 2. g3 b6 3. Bg2 Bb7 4. 0-0 c5 5. d3 d6 6. e4 Nbd7 7. Nc3 a6 8. a4 Rb8 9. Bg5 Qc7 10. Re1 h6 11. Bxf6 gxf6 12. d4 e6 13. d5 Bg7 14. Nh4 0-0 15. Qh5 c4 16. Ne2 Qc5 17. Nf4 Rfe8 18. Bh3 Nf8 19. Qg4 Kh7 20. Nh5 Bh8 21. Qf4 Qd4 22. Nf3 Qxb2 23. Rab1 Qc3 24. Re3 Qxc2 25. Rbe1 Qb2 26. e5 f5 27. Nh4 dxe5 28. Bxf5+ exf5 29. Qxf5+ Kg8 30. Qg4+ Kh7 31. Qf5+ 1/2-1/2

[Event "Primorsko op"]
[Site "Primorsko"]
[Date "2016.09.25"]
[Round "9"]
[White "Todorov, Ognjan"]
[Black "Mishev, Liubomir"]
[Result "0-1"]
[WhiteElo "2234"]
[BlackElo "2128"]
[PlyCount "40"]
[EventDate "2016.09.18"]
[EventType "swiss"]
[EventRounds "9"]
[EventCountry "BUL"]
[SourceTitle "CBM 174 Extra"]
[Source "ChessBase"]
[SourceDate "2016.10.10"]
[SourceVersion "1"]
[SourceVersionDate "2016.10.10"]
[SourceQuality "1"]

1. d4 Nf6 2. c4 g6 3. Nc3 Bg7 4. e4 d6 5. Nf3 0-0 6. Be2 c5 7. 0-0 Nc6 8. h3 Nd7 9. d5 Nd4 10. Be3 Nxf3+ 11. Bxf3 Ne5 12. Be2 f5 13. f3 f4 14. Bf2 g5 15. a3 h5 16. Rb1 Qe8 17. Qd2 Qg6 18. b4 g4 19. hxg4 hxg4 20. fxg4 f3 0-1

[Event "Primorsko op"]
[Site "Primorsko"]
[Date "2016.09.23"]
[Round "7"]
[White "Velev, Josif"]
[Black "Mishev, Liubomir"]
[Result "0-1"]
[WhiteElo "2009"]
[BlackElo "2128"]
[PlyCount "48"]
[EventDate "2016.09.18"]
[EventType "swiss"]
[EventRounds "9"]
[EventCountry "BUL"]
[SourceTitle "CBM 174 Extra"]
[Source "ChessBase"]
[SourceDate "2016.10.10"]
[SourceVersion "1"]
[SourceVersionDate "2016.10.10"]
[SourceQuality "1"]

1. d4 Nf6 2. c4 e6 3. Nf3 Bb4+ 4. Nbd2 b6 5. a3 Bxd2+ 6. Nxd2 Bb7 7. b4 d6 8. e3 Nbd7 9. f3 c5 10. Bd3 0-0 11. 0-0 d5 12. cxd5 Nxd5 13. Nc4 Qe7 14. dxc5 bxc5 15. Na5 Rab8 16. Nxb7 Rxb7 17. e4 Qf6 18. exd5 Qxa1 19. d6 cxb4 20. axb4 Rxb4 21. Re1 Rc8 22. Qd2 Qd4+ 23. Kh1 Kh8 24. Re4 Qxd3 0-1

[Event "Primorsko op"]
[Site "Primorsko"]
[Date "2016.09.19"]
[Round "2"]
[White "Ninov, Dayan"]
[Black "Mishev, Liubomir"]
[Result "1-0"]
[WhiteElo "2291"]
[BlackElo "2128"]
[PlyCount "73"]
[EventDate "2016.09.18"]
[EventType "swiss"]
[EventRounds "9"]
[EventCountry "BUL"]
[SourceTitle "CBM 174 Extra"]
[Source "ChessBase"]
[SourceDate "2016.10.10"]
[SourceVersion "1"]
[SourceVersionDate "2016.10.10"]
[SourceQuality "1"]

1. Nf3 Nf6 2. c4 e6 3. Nc3 Bb4 4. g4 h6 5. Rg1 a5 6. Qc2 Qe7 7. h4 Na6 8. g5 hxg5 9. hxg5 Nh5 10. d4 b6 11. Qe4 d5 12. cxd5 Bb7 13. Bd2 exd5 14. Qg4 Bc8 15. Qg2 Bxc3 16. bxc3 Bb7 17. Rh1 g6 18. Qg4 Bc8 19. Qh4 Be6 20. e3 c6 21. Ne5 Qc7 22. a4 Nb8 23. c4 Nd7 24. Nxd7 Qxd7 25. Rb1 Qc7 26. c5 bxc5 27. dxc5 Rb8 28. Rxb8+ Qxb8 29. Bd3 Kd7 30. Qd4 Re8 31. Bxa5 Ng3 32. Rh7 Nf5 33. Qf6 Re7 34. Bb6 Qc8 35. a5 d4 36. Bxf5 gxf5 37. Qe5 1-0

[Event "Plovdiv Bulgarian op 37th"]
[Site "Plovdiv"]
[Date "2015.02.02"]
[Round "3"]
[White "Mishev, Liubomir"]
[Black "Ferreira, Jorge Viterbo"]
[Result "0-1"]
[WhiteElo "2210"]
[BlackElo "2427"]
[PlyCount "36"]
[EventDate "2015.02.01"]
[EventType "swiss"]
[EventRounds "9"]
[EventCountry "BUL"]
[SourceTitle "CBM 164 Extra"]
[Source "ChessBase"]
[SourceDate "2015.03.02"]
[SourceVersion "1"]
[SourceVersionDate "2015.03.02"]
[SourceQuality "1"]

1. e4 e5 2. Nf3 Nc6 3. Bc4 Bc5 4. c3 Nf6 5. d3 a6 6. Bb3 Ba7 7. 0-0 d6 8. h3 h6 9. Re1 g5 10. d4 g4 11. hxg4 Bxg4 12. Be3 Rg8 13. Bd5 Bh5 14. Nbd2 Ng4 15. Qb3 Rb8 16. Qa4 Qd7 17. Bxh6 Nxh6 18. Bxc6 Qxc6 0-1

[Event "BUL-chT 61th"]
[Site "Albena"]
[Date "2011.06.03"]
[Round "2.2"]
[White "Dimov, Dian"]
[Black "Mishev, Liubomir"]
[Result "0-1"]
[WhiteElo "2292"]
[BlackElo "2210"]
[PlyCount "34"]
[EventDate "2011.06.02"]
[EventType "team-tourn"]
[EventRounds "7"]
[EventCountry "BUL"]
[SourceTitle "CBM 142 Extra"]
[Source "ChessBase"]
[SourceDate "2011.06.27"]
[SourceVersion "1"]
[SourceVersionDate "2011.06.27"]
[SourceQuality "1"]
[WhiteTeam "Razgrad Abritus"]
[BlackTeam "Maritsa Iztok Radnevo"]
[WhiteTeamCountry "BUL"]
[BlackTeamCountry "BUL"]

1. e4 c5 2. Nf3 e6 3. c3 Nf6 4. e5 Nd5 5. d4 cxd4 6. cxd4 Nc6 7. a3 d6 8. Bd3 Be7 9. 0-0 0-0 10. Qe2 Bd7 11. Nc3 dxe5 12. dxe5 Nxc3 13. bxc3 Qc7 14. Qe4 g6 15. Bh6 Rfd8 16. Rfe1 Be8 17. Re3 Rd5 0-1

[Event "BUL-chT 61th"]
[Site "Albena"]
[Date "2011.06.02"]
[Round "1.4"]
[White "Mishev, Liubomir"]
[Black "Marholev, Dimitar"]
[Result "0-1"]
[WhiteElo "2210"]
[BlackElo "2369"]
[PlyCount "88"]
[EventDate "2011.06.02"]
[EventType "team-tourn"]
[EventRounds "7"]
[EventCountry "BUL"]
[SourceTitle "CBM 142 Extra"]
[Source "ChessBase"]
[SourceDate "2011.06.27"]
[SourceVersion "1"]
[SourceVersionDate "2011.06.27"]
[SourceQuality "1"]
[WhiteTeam "Maritsa Iztok Radnevo"]
[BlackTeam "Plovdiv Lokomotiv"]
[WhiteTeamCountry "BUL"]
[BlackTeamCountry "BUL"]

1. e4 e5 2. Nf3 Nc6 3. Bb5 a6 4. Ba4 Nf6 5. 0-0 Be7 6. Re1 b5 7. Bb3 d6 8. c3 0-0 9. h3 Na5 10. Bc2 c5 11. d4 Qc7 12. d5 Bd7 13. b3 Ne8 14. Be3 g6 15. Bh6 Ng7 16. Nbd2 Nb7 17. Qe2 Nd8 18. Bd3 f6 19. a4 Rb8 20. axb5 axb5 21. Ra6 Nf7 22. Bxg7 Kxg7 23. Rea1 Rb7 24. R1a5 Rfb8 25. Ne1 Bd8 26. Nc2 Qxa5 27. Rxa5 Bxa5 28. b4 cxb4 29. cxb4 Bd8 30. Nb3 Ra7 31. Ne1 Ra4 32. Qd2 f5 33. Bc2 Bg5 34. Qc3 Rc8 35. Qb2 Rxb4 36. exf5 gxf5 37. Nd3 Rbc4 38. Bd1 Bf6 39. Qd2 Bg5 40. Qa5 e4 41. Nb4 Rc1 42. Nxc1 Rxc1 43. Qa7 Rxd1+ 44. Kh2 Ne5 0-1

[Event "Plovdiv Bulgarian op 33rd"]
[Site "Plovdiv"]
[Date "2011.02.06"]
[Round "9"]
[White "Mishev, Liubomir"]
[Black "Drenchev, Petar"]
[Result "1/2-1/2"]
[WhiteElo "2188"]
[BlackElo "2521"]
[PlyCount "54"]
[EventDate "2011.01.30"]
[EventType "swiss"]
[EventRounds "9"]
[EventCountry "BUL"]
[SourceTitle "CBM 140 Extra"]
[Source "ChessBase"]
[SourceDate "2011.03.01"]
[SourceVersion "1"]
[SourceVersionDate "2011.03.01"]
[SourceQuality "1"]

1. e4 c5 2. Nf3 e6 3. c3 Nf6 4. e5 Nd5 5. d4 cxd4 6. cxd4 d6 7. a3 Bd7 8. Bd3 Bc6 9. 0-0 Nd7 10. Qe2 Be7 11. Rd1 Rc8 12. exd6 Bxd6 13. Nc3 0-0 14. Ng5 N7f6 15. Nce4 h6 16. Nxd6 Qxd6 17. Ne4 Nxe4 18. Qxe4 Nf6 19. Qh4 Qd5 20. f3 Qh5 21. Qg3 Rfd8 22. Bf4 Nd5 23. Bd2 Ne7 24. Qf2 Bb5 25. Be4 Bc6 26. Bd3 Bb5 27. Be4 Bc6 1/2-1/2

[Event "Albena op"]
[Site "Albena"]
[Date "2010.06.05"]
[Round "3"]
[White "Nabaty, Tamir"]
[Black "Mishev, Liubomir"]
[Result "1-0"]
[WhiteElo "2485"]
[BlackElo "2189"]
[PlyCount "55"]
[EventDate "2010.06.03"]
[EventType "swiss"]
[EventRounds "9"]
[EventCountry "BUL"]
[SourceTitle "CBM 136 Extra"]
[Source "ChessBase"]
[SourceDate "2010.07.02"]
[SourceVersion "2"]
[SourceVersionDate "2010.07.15"]
[SourceQuality "1"]

1. e4 c5 2. Nf3 e6 3. d4 cxd4 4. Nxd4 a6 5. Nc3 Qc7 6. f4 Bb4 7. Bd2 Nc6 8. Qg4 g6 9. Nb3 d5 10. exd5 exd5 11. Nxd5 Bxd2+ 12. Nxd2 Qa5 13. Qg5 Be6 14. Nc3 Qb4 15. 0-0-0 h6 16. Qh4 g5 17. Qf2 0-0-0 18. f5 Bd5 19. a3 Qe7 20. Re1 Qc7 21. f6 Be6 22. Bc4 Nd4 23. Re4 Qc5 24. Bxe6+ fxe6 25. Kb1 Qf5 26. Rf1 Nxf6 27. Rxd4 Qxf2 28. Rc4+ 1-0

[Event "BUL-chT-A 60th"]
[Site "Albena"]
[Date "2010.05.31"]
[Round "5.4"]
[White "Mishev, Liubomir"]
[Black "Janev, Evgeni"]
[Result "1-0"]
[WhiteElo "2189"]
[BlackElo "2475"]
[PlyCount "81"]
[EventDate "2010.05.27"]
[EventType "team-tourn"]
[EventRounds "7"]
[EventCountry "BUL"]
[SourceTitle "CBM 136 Extra"]
[Source "ChessBase"]
[SourceDate "2010.07.02"]
[SourceVersion "2"]
[SourceVersionDate "2010.07.15"]
[SourceQuality "1"]
[WhiteTeam "Maritsa Iztok Radnevo"]
[BlackTeam "Plovdiv Lokomotiv 2000"]
[WhiteTeamCountry "BUL"]
[BlackTeamCountry "BUL"]

1. e4 e5 2. Nf3 Nc6 3. Bb5 a6 4. Ba4 Nf6 5. 0-0 Be7 6. Re1 b5 7. Bb3 d6 8. c3 0-0 9. h3 Nb8 10. d4 Nbd7 11. Nbd2 Bb7 12. Bc2 Re8 13. Nf1 Bf8 14. Ng3 g6 15. a4 Bg7 16. d5 Qb8 17. Be3 c6 18. dxc6 Bxc6 19. Qd2 Nc5 20. axb5 axb5 21. Rxa8 Qxa8 22. Qxd6 Ncxe4 23. Nxe4 Nxe4 24. Qc7 Bf6 25. Qa7 Qc8 26. Bh6 Nd6 27. Ng5 e4 28. Bb3 Re7 29. Qc5 Qc7 30. Rd1 Nb7 31. Qa7 e3 32. Nxf7 Rxf7 33. fxe3 Qe7 34. Rf1 Be5 35. Qa8+ Qd8 36. Qa3 Nd6 37. Qc5 Bg7 38. Bxg7 Kxg7 39. Qe5+ Kf8 40. Bxf7 Nxf7 41. Qh8+ 1-0

[Event "BUL-ch sf"]
[Site "Plovdiv"]
[Date "2010.01.29"]
[Round "8"]
[White "Mishev, Liubomir"]
[Black "Pantev, Veselin"]
[Result "0-1"]
[WhiteElo "2205"]
[BlackElo "2369"]
[PlyCount "120"]
[EventDate "2010.01.24"]
[EventType "swiss"]
[EventRounds "9"]
[EventCountry "BUL"]
[SourceTitle "CBM 134 Extra"]
[Source "ChessBase"]
[SourceDate "2010.03.03"]
[SourceVersion "1"]
[SourceVersionDate "2010.03.03"]
[SourceQuality "1"]

1. e4 c6 2. d4 g6 3. Nc3 Bg7 4. Bc4 d6 5. Nf3 e6 6. Bf4 Ne7 7. Qd2 h6 8. h4 b5 9. Bd3 a6 10. e5 d5 11. a3 Qb6 12. b4 a5 13. bxa5 Qxa5 14. 0-0 Nd7 15. Rfb1 Nb6 16. Rb3 Bd7 17. Rab1 Na4 18. g3 Nxc3 19. Rxc3 Nc8 20. Bf1 Nb6 21. Qe3 Nc4 22. Bxc4 bxc4 23. Kg2 Kd8 24. Nd2 Kc7 25. Rd1 Bf8 26. Qf3 Be7 27. Nf1 Qb6 28. Bd2 Raf8 29. Re3 c5 30. Bc3 Bc6 31. Qf4 g5 32. Qf3 gxh4 33. Ree1 hxg3 34. Nxg3 h5 35. Nxh5 Rh6 36. Rh1 Qa7 37. Qe3 Rg6+ 38. Ng3 Rg4 39. Rh5 Qxa3 40. Qd2 cxd4 41. Bxd4 Rfg8 42. Rh3 c3 43. Qd3 Bc5 44. Qh7 R8g7 45. Qh8 Bxd4 46. Rxd4 Rxd4 47. Qxg7 Rf4 48. Rh8 d4+ 49. Kh3 Qe7 50. Qg8 Kb6 51. Qb8+ Bb7 52. Ne2 Rf3+ 53. Kg4 f5+ 54. exf6 Rxf6 55. Nxd4 Qg7+ 56. Kh5 Qg6+ 57. Kh4 Qe4+ 58. Kh5 Qd5+ 59. Kg4 Rg6+ 60. Kh3 Qh1+ 0-1